| 000 | 00701 a2200193 4500 | ||
|---|---|---|---|
| 010 | _aENG-89017 | ||
| 020 |
_c695.00 _a8125032320 |
||
| 035 | _aEN-72550 | ||
| 037 | _bDBAD / PUB | ||
| 082 | 1 | 4 | _a954.012 |
| 090 |
_c9835 _d9835 |
||
| 100 | _aTyagi, Jaya | ||
| 245 | 1 |
_aEngendering the early household : _cby Jaya Tyagi _bbrahmanical precepts in the early Grhyasutras, middle of the first millenium B.C.E. / |
|
| 260 |
_aNew Delhi _bOrient Longman _c2008 |
||
| 270 |
_a1/24, Asaf Ali Road, _bNew Delhi _e110 002 |
||
| 300 |
_c22 cm ( Hb.) _bxxviii, 378p. |
||
| 942 |
_cEN _adpl _k954.012 / TYA |
||
| 999 |
_c9656 _d9656 |
||